000 00747pam a2200229 a 4500
001 1126624
005 20180308071551.0
008 941031s1995 alua 001 0aeng
010 _a 94041805
020 _a1881320235
040 _aDLC
_cDLC
_dDLC
041 _aeng
043 _an-us---
080 _a342.73085 FRE
082 0 0 _a342.73085 FRE
_aB
_aB
_220
100 1 _a16
101 _aSHJ
245 1 0 _aBus ride to justice :
_cFred D. Gray.
906 _a7
_bcbc
_corignew
_d1
_eocip
_f19
_gy-gencatlg
942 _2ddc
_cBK
999 _c44468
_d44468